| 000 -LEADER |
| fixed length control field |
01160cam a22002778a 4500 |
| 001 - CONTROL NUMBER |
| control field |
12223575 |
| 005 - DATE AND TIME OF LATEST TRANSACTION |
| control field |
20221115165256.0 |
| 008 - FIXED-LENGTH DATA ELEMENTS--GENERAL INFORMATION |
| fixed length control field |
001106s2001en nyu b 001 0 eng |
| 010 ## - LIBRARY OF CONGRESS CONTROL NUMBER |
| LC control number |
00065090 |
| 020 ## - INTERNATIONAL STANDARD BOOK NUMBER |
| International Standard Book Number |
0521005590 (pb.) X |
| 080 ## - UNIVERSAL DECIMAL CLASSIFICATION NUMBER |
| Universal Decimal Classification number |
821.111.1 D-83 |
| 245 00 - TITLE STATEMENT |
| Title |
Discovering fiction--student's book 1 : |
| Remainder of title |
a reader of American short stories / |
| Statement of responsibility, etc. |
[edited by] Judith Kay [and] Rosemary Gelshenen. |
| 246 3# - VARYING FORM OF TITLE |
| Title proper/short title |
Discovering fiction--student's book one |
| 264 ## - PRODUCTION, PUBLICATION, DISTRIBUTION, MANUFACTURE, AND COPYRIGHT NOTICE |
| Place of production, publication, distribution, manufacture |
New York : |
| Name of producer, publisher, distributor, manufacturer |
Cambridge University Press, |
| Date of production, publication, distribution, manufacture, or copyright notice |
2001. |
| 300 ## - PHYSICAL DESCRIPTION |
| Extent |
215 p.: |
| Other physical details |
23 cm. |
| 504 ## - BIBLIOGRAPHY, ETC. NOTE |
| Bibliography, etc. note |
Includes bibliographical references and index. |
| 653 ## - INDEX TERM--UNCONTROLLED |
| keyword |
English language |
| 653 ## - INDEX TERM--UNCONTROLLED |
| keyword |
Textbooks for foreign speakers. |
| 653 ## - INDEX TERM--UNCONTROLLED |
| keyword |
United States |
| 653 ## - INDEX TERM--UNCONTROLLED |
| keyword |
მხატვრული ლიტერატურის აღმოჩენა - მოსწავლის წიგნი |
| 700 1# - ADDED ENTRY--PERSONAL NAME |
| Personal name |
Kay, Judith. |
| 9 (RLIN) |
15842 |
| 700 1# - ADDED ENTRY--PERSONAL NAME |
| Personal name |
Gelshenen, Rosemary. |
| 9 (RLIN) |
15843 |
| 856 42 - ELECTRONIC LOCATION AND ACCESS |
| Materials specified |
Publisher description |
| Uniform Resource Identifier |
http://www.loc.gov/catdir/description/cam021/00065090.html |
| 856 41 - ELECTRONIC LOCATION AND ACCESS |
| Materials specified |
Table of contents |
| Uniform Resource Identifier |
http://www.loc.gov/catdir/toc/cam028/00065090.html |
| 942 ## - ADDED ENTRY ELEMENTS (KOHA) |
| Source of classification or shelving scheme |
|
| Koha item type |
წიგნი |